01045nam a22002534aa4500003000800000005001700008008004100025040003000066041000800096044000700104082001800111100003500129245021100164260002500375300004300400500003600443502018000479650003100659653001600690653001200706653001200718653002000730700004100750BOFEUTO20260512173029.0260504t2025 bo gr 000 f spa d 6BOFEUTOaBOFEUTOcBOFEUTO aspa abo aTE6309bP426i aPérez Rocha, Gabrielaeautor aLa innovación tecnológica en atención al cliente mediante un Sistema de Telemedicina para el Centro Médico Materno Infantil Yolanda María. /c Gabriela Pérez Rocha, Douglas Guzmán Gutiérrez aOruro :bs/n,c2025. a148 hojas ;bgráf, ilus, ;c28.5 cm. aIncluye bibliografía, anexos. aTesis Dirigida, (Licenciatura) -- Universidad Técnica de Oruro, Facultad de Ciencias Económicas, Financieras y Administrativas, Carrera Administración de Empresas, 2025. aInnovación Tecnológica aAtención  aCliente aSistema aCentro Médico aGuzmán Gutiérrez, Douglasetutor